000
00287nam a2200121Ia 4500
008
190216s9999||||xx |||||||||||||| ||und||
100
_a
Ramachandran Nair N
245
2
_a
A Spectrum Of Poems
260
_b
Book Hive Pub
_c
1987
300
_a
145p
650
_a
English Poetry
942
_c
BK
999
_c
13523
_d
13523